[Event "Goiania-ch U26 (Women)"]
[Site "Goiania"]
[Date "2013.10.25"]
[Round "3"]
[White "Silva, Carolina Alves"]
[Black "Linhares, Heloiza da Camara"]
[Result "1-0"]
[WhiteElo "1730"]
[BlackElo "1792"]
[PlyCount "73"]
[EventDate "2013.10.24"]
[EventType "swiss"]
[EventRounds "7"]
[EventCountry "BRA"]
[SourceTitle "EXT 2014"]
[Source "ChessBase"]
[SourceDate "2013.11.20"]
[SourceVersion "1"]
[SourceVersionDate "2013.11.20"]
[SourceQuality "1"]

1. e4 c5 2. Nf3 a6 3. d4 e6 4. dxc5 Bxc5 5. Bd3 Nc6 6. 0-0 e5 7. Nc3 d6 8. Bc4 h6 9. h3 Nge7 10. a3 0-0 11. b4 Bd4 12. Nxd4 exd4 13. Ne2 Qb6 14. Bb2 d5 15. exd5 Ne5 16. Bxd4 Qc7 17. Bb3 Rd8 18. d6 Rxd6 19. Bxe5 Rxd1 20. Bxc7 Rxa1 21. Rxa1 Bf5 22. Rd1 Nc6 23. Nd4 Nxd4 24. Rxd4 Kh7 25. Rd8 Rxd8 26. Bxd8 b5 27. Bxf7 Bxc2 28. Bd5 Ba4 29. Bb7 Kg8 30. Bxa6 Kf8 31. Kf1 Ke8 32. Bb6 Kd7 33. Bb7 Bb3 34. Ke2 Bc4+ 35. Ke3 Kd6 36. h4 Bd5 37. Bc5+ 1-0